000 00471nmm a2200169Ia 4500
008 251105s9999||||xx |||||||||||||||||und||
020 _a9788475223745
041 _aspa
100 _aConde de Lautréamont
245 0 _aCantos de Maldoror
264 _a[Madrid, España] :
_bVisor Libros,
_c2011
300 _a260 páginas
490 _aVisor de Poesía
650 _aLatin American poetry
856 _uhttps://public.digitaliapublishing.com/a/76789
942 _cCF
999 _c84947
_d84947